000 00684nam a2200253Ia 4500
003 OSt
005 20220926014602.0
006 a|||||r|||| 00| 0
007 ta
008 220923b |||||||| |||| 00| 0 eng d
037 _cGeneral Book
040 _aRTL
_cRTL
_beng
041 _2eng
_aeng
082 _aB245, KO;LO/TD3
100 _aBellman Richard
245 0 _aIntroductio to matirx analysis
250 _a2
260 _aNew York
_bMcGraw-Hill
_c1970
300 _axxiii, 403p.
_ccm.
500 _aAppendixes. P 371-90
650 _aMatrix
_9234093
942 _hB245, KO;LO/TD3
_cGB
_2CC
999 _c629402
_d629402